Rovnováha na trhu mobilných operátorov SR
Gespeichert in:
| 1. Verfasser: | |
|---|---|
| Format: | Buchkapitel |
| Sprache: | Englisch Slowakisch |
| Tags: |
Keine Tags, Fügen Sie das erste Tag hinzu!
|
MARC
| LEADER | 00000nla a2200000 4500 | ||
|---|---|---|---|
| 001 | 0207805 | ||
| 005 | 20240502073445.1 | ||
| 041 | 0 | |a eng | |
| 041 | 0 | |a slo | |
| 044 | |a SK | ||
| 245 | 1 | 0 | |a Rovnováha na trhu mobilných operátorov SR |c Nora Grisáková |
| 500 | |a Abstrakt | ||
| 100 | 1 | |a Grisáková, Nora, 1978- | |